01144nam2a22002171 4500001001100000005001700011021001900028035002600047100004100073101000800114102000700122105001800129200001000147210004100157215001900198461051800217712013200735801001800867801002200885852001900907rc\316207420260406183700.0 aRUb[76-31578] a(NLR Aleph) 007325702 a20120615d1976 |||y0rusy50 ca0 arus aRU aa z |||||0 aЧ. 1 aКиевcНаук. думкаd1976 a151 с.cил. 01001rc\316207312001#$aКавитационные автоколебания в насосных системах$eМатериалы совещ.$e[В 2 ч.$fРед. коллегия: акад. В.С. Будник (отв. ред.) и др.]$vЧ. 1cКиевd1976fРед. коллегия: акад. В.С. Будник (отв. ред.) и др.]nНаук. думкаoМатериалы совещ. : [В 2 ч.tКавитационные автоколебания в насосных системахvЧ. 102aАН УССРcКиевbНаучный совет по проблеме "Общая механика"3RU\NLR\AUTH\889948914 0aRUbNLRgpsbo 1aRUbELAR2rusmarc aNLRj76-3/6314